| 000 | 00684nam a2200229Ia 4500 | ||
|---|---|---|---|
| 003 | OSt | ||
| 005 | 20220925232108.0 | ||
| 006 | a|||||r|||| 00| 0 | ||
| 007 | ta | ||
| 008 | 220923b |||||||| |||| 00| 0 eng d | ||
| 037 | _cGeneral Book | ||
| 040 |
_aRTL _cRTL _beng |
||
| 041 |
_2eng _aeng |
||
| 082 | _aX8192.73.N7, L8 | ||
| 100 |
_aMackin Paul J _9296689 |
||
| 245 | 0 | _aBenefit financing in unemployment insurance | |
| 260 |
_aMichigan _bUpjohn Institute _c1978 |
||
| 300 |
_axi, 124p _ccm. |
||
| 490 | _aW E Upjohn Institute for Employment Research Publication | ||
| 942 |
_hX8192.73.N7, L8 _cGB _2CC |
||
| 999 |
_c590291 _d590291 |
||